Zvýšenie sumy životného minima a dopad na mzdové veličiny

Od 1. 7. 2023 sa mení výška životného minima. Je to dôležitý parameter vo finančnej oblasti, pretože od neho sú odvodené viaceré mzdové veličiny. Suma životného minima má priamy dopad aj na dávky v hmotnej núdzi, vybrané peňažné príspevky a štátne sociálne dávky, napr. rodičovský príspevok. Od sumy...

Descrizione completa

Salvato in:
Dettagli Bibliografici
Autore principale: Matlovičová, Iveta
Natura: Capitolo di libro
Lingua:slovacco
Soggetti:
Tags: Aggiungi Tag
Nessun Tag, puoi essere il primo ad aggiungerne!!

MARC

LEADER 00000naa a2200000 4500
001 0295590
005 20240417075243.4
041 0 |a slo 
044 |a SK 
245 1 0 |a Zvýšenie sumy životného minima a dopad na mzdové veličiny  |c Iveta Matlovičová 
520 |a Od 1. 7. 2023 sa mení výška životného minima. Je to dôležitý parameter vo finančnej oblasti, pretože od neho sú odvodené viaceré mzdové veličiny. Suma životného minima má priamy dopad aj na dávky v hmotnej núdzi, vybrané peňažné príspevky a štátne sociálne dávky, napr. rodičovský príspevok. Od sumy životného minima sú závislé aj nepostihnuteľné sumy, ktoré majú priamy dopad na výšku zrážok realizovaných zo mzdy zamestnanca na základe núteného výkonu rozhodnutia. 
610 2 0 |a minimum existenčné 
610 2 0 |a dávky 
610 2 0 |a núdza hmotná 
610 2 0 |a dávky sociálne 
610 2 0 |a príspevok rodičovský 
610 2 0 |a mzdy 
610 2 0 |a zrážky zo mzdy 
610 2 0 |a zamestnanci 
610 2 0 |a zákony 
100 1 |a Matlovičová, Iveta